DEWEY DECIMAL CLASSIFICATION: EDITIONS 19(1979) TO EDITION 23 (2011) (Record no. 206802)

MARC details
000 -LEADER
fixed length control field 00326nam a2200133Ia 4500
003 - CONTROL NUMBER IDENTIFIER
control field OSt
005 - DATE AND TIME OF LATEST TRANSACTION
control field 20240404093953.0
020 ## - INTERNATIONAL STANDARD BOOK NUMBER
International Standard Book Number 978-81-7000-683-1
040 ## - CATALOGING SOURCE
Transcribing agency LCC
050 ## - LIBRARY OF CONGRESS CALL NUMBER
Classification number Z696.D7S28 2013
100 ## - MAIN ENTRY--PERSONAL NAME
Personal name M. P. SATIJA
245 #0 - TITLE STATEMENT
Title DEWEY DECIMAL CLASSIFICATION: EDITIONS 19(1979) TO EDITION 23 (2011)
942 ## - ADDED ENTRY ELEMENTS (KOHA)
Koha item type Long Loan Book
Source of classification or shelving scheme Dewey Decimal Classification
Holdings
Withdrawn status Lost status Source of classification or shelving scheme Damaged status Not for loan Collection Home library Current library Date acquired Inventory number Total checkouts Full call number Barcode Date last seen Copy number Price effective from Koha item type
    Library of Congress Classification     Reserve Kisii University Library Kisii University Library 09/15/2023 42165   Z 696.D7S28 2013 001009 09/15/2023 C.1 09/15/2023 Short Loan Book